00711 2200241 4500001002100000005001700021008004100038020001800079035002400097090001700121100001700138245008800155250001000243260003400253300003100287500002700318650005800345850001500403980001500418985000600433999001500439999001500454YOGYA-0209000000194620090227020504.0 ind  a979-533-005-5 0010-020900000001946 a378.2bBud P aBudi Kaharjo aPenulisan laporan skripsi dan thesis menggunakan wordstar profesionalcBudi Kaharjo aCet.3 aYogyakartabAndi Offsetc1994 aviii, 145 hlmbilusc23 cm aBibliografi : hlm. 139 aChiwriter (Program komputer)xDisertasi dan penulisan aYOPDYOG(B) a10-18-2005 a2 a97P0102965 a97P0102966